00359nam a2200133Ia 4500003000400000008004100004020002300045040000800068100002700076245005700103260004100160300001300201365001100214LDD181029s9999 xx 000 0 und d a1851681868c295.00 cLDD aKlostermaier, Kalus K. 0aBudhismba short IntroductioncKalus K. Klostermaier aEnglandbOne world Publcationsc2006 ax, 246p. b295.00